| 000 | 00451nam a2200181Ia 4500 | ||
|---|---|---|---|
| 001 | 20870 | ||
| 005 | 20260306172837.0 | ||
| 008 | 260306t2019||||xx |||||||||||||| ||spa|| | ||
| 041 | _aESP | ||
| 082 |
_a343.8 _bM21 |
||
| 100 |
_aMamani Yupanqui, Yanet _eAUT |
||
| 245 | 0 | _aImpuesto a la renta sobre renta de fuente extranjera | |
| 260 | _c2019 | ||
| 300 |
_a63 páginas : _c24 cm. |
||
| 650 | _aGEN | ||
| 654 | _aCCO | ||
| 942 |
_cLIB _dJUS _fJUS _2ddc _n |
||
| 999 |
_c20870 _d20870 |
||